000 00631 a2200181 4500
008 240423b |||||||| |||| 00| 0 eng
020 _a9788119159123
040 _aMAIN
082 _a891.431721
_bSV92A:TA
100 _aशुक्ल, विनोद कुमार
110 _aत्रिपाठी, अरविन्द, सम्पा
245 _aआकाश घरती को खटखटाता है
260 _bराजकमल प्रकाशन
_c2023
300 _a222
650 _aहिन्दी साहित्य
651 _aकविता संग्रह
942 _cHN
999 _c309060
_d309060